000 02511nam0a22003371 4500
001 rc\798033
005 20260407120315.0
021 _aRU
_b83-49343
035 _a(NLR Aleph) 005982329
090 _a7041610
_c7041610
100 _a20041129d1983 |||y0rusy50 ca
101 0 _arus
102 _aRU
105 _aa j||||||||
200 1 _aФизические основы и теория термических методов исследования скважин
_eучебное пособие по спец. курсу "Радиоактивные и другие неэлектрические методы исследования скважин" для студентов специальности 0105
_fМ.И. Кременецкий, Р.А. Резванов
_gМ-во высш. и сред. спец. образования СССР, Моск. ин-т нефтехим. и газовой пром-сти им. И.М. Губкина, Каф. промысл. геофизики
210 _aМосква
_cМосковский институт нефтехимической и газовой промышленности
_d1983
215 _a67 с.
_cил.
_d22
300 _aВ надзаг.: М-во высш. и сред. спец. образования СССР, Моск. ин-т нефтехим. и газовой пром-сти им. И.М. Губкина, Каф. промысл. геофизики
320 _aБиблиогр.: с. 64
606 1 _aНефтяные скважины
_jУчебные пособия для высших учебных заведений
_xИсследования
_xТермические методы
_92065191
_3RU\NLR\AUTH\661239706
606 1 _aГазовые скважины
_jУчебные пособия для высших учебных заведений
_xИсследования
_xТермометрические методы
_91323661
_3RU\NLR\AUTH\66234492
686 0 _aД453.1-542я73
_2rubbk
700 1 _8rus
_7ca
_aКременецкий
_bМ. И.
_gМихаил Израилевич
_3RU\NLR\AUTH\7782622
_965550
701 1 _aРезванов
_bР. А.
_gРашит Ахмаевич
712 0 2 _4650
_aМосковский институт нефтехимической и газовой промышленности им. И. М. Губкина
_3RU\NLR\AUTH\889951490
_9398936
801 0 _aRU
_bNLR
_gpsbo
801 1 _aRU
_bELAR
_2rusmarc
801 2 _aRU
_bNLR
_c20141217
_2rusmarc
852 _aNLR
_j83-6/6078
942 _cBOOK
980 _aNB